[Event "Ikaria op"]
[Site "Ikaria"]
[Date "1994.??.??"]
[Round "5"]
[White "Nikolaidis, Konstantinos"]
[Black "Vydeslaver, Alik"]
[Result "0-1"]
[WhiteElo "2270"]
[BlackElo "2350"]

1.e4 c5 2.Nf3 d6 3.d4 cxd4 4.Nxd4 Nf6 5.Nc3 Nc6 6.Bg5 e6 7.Qd2 a6 8.O-O-O Bd7
9.f4 h6 10.Bxf6 Qxf6 11.Nf3 Qd8 12.Kb1 Qc7 13.g4 O-O-O 14.h4 Kb8 15.Be2 Na5
16.g5 Rc8 17.Rh3 Nc4 18.Bxc4 Qxc4 19.Rg3 hxg5 20.hxg5 g6 21.Nd4 Qb4 22.Qg2 Bg7
23.a3 Qb6 24.Qd2 Rc4 25.Nde2 Rxe4 26.Qxd6+ Qxd6 27.Rxd6 Bxc3 28.Rxd7 Ba5
29.Rg2 Rh1+ 30.Ka2 Re1 31.Nc3 Bxc3 32.bxc3 Rxf4 33.Rh2 Re5 34.Rh8+ Ka7 35.Rc8 Rxg5
36.c4 Kb6 37.Rcc7 Ka5 38.Rxb7 Rxc4 39.Kb3 Rcc5 40.Rxf7 Rg3+ 41.Kb2 Rg2 42.Rf6 Rcxc2+
43.Kb1 Rce2 44.Rf1 Ka4 45.Rc1 Rg3 46.Rb6 Rb3+ 47.Rxb3 Kxb3 48.Rg1 Re3  0-1

[Event "Ikaria op"]
[Site "Ikaria"]
[Date "1994.??.??"]
[Round "7"]
[White "Vydeslaver, Alik"]
[Black "Atalik, Suat"]
[Result "1/2-1/2"]
[WhiteElo "2350"]
[BlackElo "2535"]

1.e4 c5 2.Nf3 d6 3.d4 cxd4 4.Nxd4 Nf6 5.Nc3 Nc6 6.Bg5 e6 7.Qd2 a6 8.O-O-O h6
9.Be3 Be7 10.f4 Bd7 11.Bd3 b5 12.Kb1 Ng4 13.Bg1 Nxd4 14.Bxd4 e5 15.Bg1 Nf6
16.Nd5 Nxd5 17.exd5 Bf6 18.Be3 O-O 19.f5 e4 20.Bxe4 Qe7 21.Bd3 Qe5 22.c3 Bxf5
23.Bd4 Bxd3+ 24.Qxd3 Qg5 25.h4 Qg6 26.Qxg6 fxg6 27.Rhe1 Bxh4 28.Re6 Rad8
29.Rxg6 Rd7 30.Re6 Rf5 31.Re8+ Kf7 32.Ra8 Rxd5 33.Rxa6 Bf6 34.Rf1 Ke6 35.Bxf6 gxf6
36.Rf2 Rg7 37.a4 bxa4 38.Rxa4 Rdg5 39.Re4+ Re5  1/2-1/2

[Event "Ikaria op"]
[Site "Ikaria"]
[Date "1994.??.??"]
[Round "8"]
[White "Pandavos, Panayotis"]
[Black "Vydeslaver, Alik"]
[Result "1/2-1/2"]
[WhiteElo "2400"]
[BlackElo "2350"]

1.e4 c5 2.Nf3 d6 3.d4 cxd4 4.Nxd4 Nf6 5.Nc3 Nc6 6.Bg5 e6 7.Qd2 a6 8.O-O-O Bd7
9.f4 h6 10.Bxf6 Qxf6 11.Nf3 Qd8 12.Kb1 Qc7 13.Bd3 O-O-O 14.Qe3 Kb8 15.Rhe1 Na5
16.Nd2 Rc8 17.Nb3 Nc4 18.Bxc4 Qxc4 19.Rd4 Qc7 20.a4 g5 21.g3 gxf4 22.gxf4 Rg8
23.Rg1 Be7 24.Rgd1 h5 25.Qd3 h4 26.e5 d5 27.Qh7 Rcf8 28.a5 Rh8 29.Qg7 Rhg8
30.Qh7  1/2-1/2

[Event "IND-ch"]
[Site "?"]
[Date "1994.??.??"]
[Round "2"]
[White "Joshi, G B."]
[Black "Tilak, Sharad S"]
[Result "0-1"]
[WhiteElo "2320"]
[BlackElo "2360"]

1.e4 c5 2.Nf3 d6 3.d4 cxd4 4.Nxd4 Nf6 5.Nc3 Nc6 6.Bg5 e6 7.Bb5 Bd7 8.Bxc6 bxc6
9.Qf3 h6 10.Bh4 Qb6 11.Nb3 Be7 12.e5 dxe5 13.O-O-O Qb4 14.Bg3 e4 15.Qe2 c5
16.a3 Qb6 17.Nd2 O-O 18.Nc4 Qa6 19.Rhe1 Nd5 20.Nxe4 Bb5 21.b3 Bxc4 22.Qxc4 Qxa3+
23.Kb1 a5 24.Be5 a4 25.Bb2 Qb4 26.Qxb4 cxb4 27.bxa4 Rxa4 28.Rd3 Rfa8 29.Rg3 g5
30.Rd3 f5 31.Nd2 Kf7 32.g3 Bf6 33.Nb3 Bc3 34.Bxc3 bxc3 35.Rd4 Ra2 36.Re2 Rb2+
37.Kc1 Raa2 38.Kd1 Rb1+  0-1

[Event "IND-ch"]
[Site "?"]
[Date "1994.??.??"]
[Round "7"]
[White "Shetty, Rahul"]
[Black "Murugan, Krishnamoorthy"]
[Result "0-1"]
[WhiteElo "2340"]
[BlackElo "2410"]

1.e4 c5 2.Nf3 Nc6 3.d4 cxd4 4.Nxd4 Nf6 5.Nc3 d6 6.Bg5 e6 7.Qd2 a6 8.O-O-O Bd7
9.f3 h6 10.Be3 b5 11.g4 Qa5 12.Kb1 b4 13.Nce2 d5 14.Nxc6 Bxc6 15.Nd4 Bb7
16.e5 Nd7 17.f4 Bc5 18.Bg2 Qb6 19.Rhe1 a5 20.Bg1 a4 21.b3 Ra5 22.f5 O-O 23.Qf4 axb3
24.cxb3 Rxa2 25.Kxa2 Qa5+ 26.Kb1 Ra8 27.Nc2 Qa2+ 28.Kc1 Rc8 29.Re2 Bxg1 30.Rxg1 Qa1+
31.Kd2 Qxg1 32.Ne1 Qc5 33.Nd3 Qc3+ 34.Ke3 Nc5 35.Qd4 Nxd3 36.Qxd3 d4+  0-1

[Event "IND-ch"]
[Site "?"]
[Date "1994.??.??"]
[Round "8"]
[White "Shetty, Rahul"]
[Black "Tilak, Sharad S"]
[Result "0-1"]
[WhiteElo "2340"]
[BlackElo "2360"]

1.e4 c5 2.Nf3 d6 3.d4 cxd4 4.Nxd4 Nf6 5.Nc3 Nc6 6.Bg5 e6 7.Qd2 a6 8.O-O-O Bd7
9.f4 b5 10.Nxc6 Bxc6 11.Qe1 Be7 12.e5 Nd5 13.Bxe7 Qxe7 14.Nxd5 Bxd5 15.Qg3 O-O
16.exd6 Qxd6 17.Bd3 Qc6 18.Rhe1 Bxa2 19.Be4 Bd5 20.Bxd5 exd5 21.Re5 Rac8
22.Rd2 Rfd8 23.Qd3 Qc7 24.g3 d4 25.Re4 Qa5 26.Kb1 Rc4 27.b3 Qb4 28.Qe2 Kf8
29.Qd1 h6 30.Ka2 Qa5+ 31.Kb1 Qb4 32.Ka2 Qa5+ 33.Kb1 Qb4 34.Ka2 Rcc8 35.Rexd4 Rxd4
36.Rxd4 Rxc2+ 37.Qxc2 Qxd4 38.Qc8+ Ke7 39.Qxa6 b4 40.Qb7+ Kf6 41.Qc6+ Kf5
42.Qc8+ Ke4 43.Qb7+ Ke3 44.Qxf7 Qd2+ 45.Kb1 Qe1+ 46.Kb2 Qf2+ 47.Kb1 Qg1+
48.Kc2 Qxh2+ 49.Kb1 Qg1+ 50.Ka2 Qf2+ 51.Kb1 Qe1+ 52.Ka2 Qd2+ 53.Kb1 Qd3+
54.Ka2 Kd2 55.Qe6 Qc2+ 56.Ka1 Kc1 57.Qe1+ Qd1 58.Qf2 Qd2 59.Qf1+ Kc2 60.Qb1+ Kc3
61.f5 h5 62.g4 hxg4 63.f6 gxf6 64.Qc2+ Kxc2  0-1

[Event "IND-ch"]
[Site "?"]
[Date "1994.??.??"]
[Round "9"]
[White "Ravi, Thandalam Shanmugam"]
[Black "Shetty, Rahul"]
[Result "1/2-1/2"]
[WhiteElo "2340"]
[BlackElo "2340"]

1.e4 c5 2.Nf3 Nc6 3.d4 cxd4 4.Nxd4 Nf6 5.Nc3 d6 6.Bg5 e6 7.Qd2 a6 8.O-O-O h6
9.Be3 Qc7 10.f3 Bd7 11.g4 b5 12.Qg2 Rc8 13.Bd3 Ne5 14.Kb1 Nc4 15.Bxc4 Qxc4
16.Qe2 b4 17.Qxc4 Rxc4 18.Nce2 Bc8 19.b3  1/2-1/2

[Event "ISL-chT"]
[Site "?"]
[Date "1994.??.??"]
[Round "?"]
[White "Jonsson, Bjorgvin"]
[Black "Ulfarsson, Magnus Orn"]
[Result "0-1"]
[WhiteElo "2380"]
[BlackElo "2250"]

1.e4 c5 2.Nf3 d6 3.d4 cxd4 4.Nxd4 Nf6 5.Nc3 Nc6 6.Bg5 e6 7.Qd2 a6 8.O-O-O h6
9.Be3 Nxd4 10.Bxd4 b5 11.f4 Bb7 12.Bd3 Be7 13.Kb1 O-O 14.Qe2 b4 15.Na4 e5
16.fxe5 dxe5 17.Bf2 Nd7 18.Bc4 Qc7 19.Rxd7 Qxd7 20.Nb6 Qc6 21.Bd5 Qc7 22.Nxa8 Rxa8
23.Bxb7 Qxb7 24.Rd1 Rd8 25.Rd3 Qc6 26.Qd2 Rc8 27.Rd5 Qg6 28.Bg3 Qxe4 29.Rxe5 Qb7
30.Qe2 Rd8 31.b3 Bf6 32.Re8+ Rxe8 33.Qxe8+ Kh7 34.Qe2 g6 35.Be1 a5 36.a3 Qa7
37.Ka2 Qd4 38.c3 bxc3 39.Qc2 Qe3 40.Bg3 Qd2 41.Kb1 Qe3 42.Bf2 Qe5 43.Bg3 Qc5
44.Be1 Qxa3 45.Bxc3 Bxc3 46.Qxc3 a4 47.Kc2 Qa2+ 48.Qb2 axb3+ 49.Kc3 Kg7 50.Qxb3 Qxb3+
51.Kxb3 Kf6 52.Kc3 Ke5 53.Kd3 Kf4 54.Ke2 h5 55.Kf2 h4 56.Ke2 g5 57.Kf2 g4
58.Ke2 Ke4 59.Kd2 f5 60.Ke2 f4 61.Kf2 Kd3 62.Kf1 Kd2 63.Kf2 g3+ 64.Kg1 Ke2
65.h3 Ke1 66.Kh1 f3  0-1

[Event "ISL-ch"]
[Site "ISL"]
[Date "1994.??.??"]
[Round "9"]
[White "Bjarnason, Saevar"]
[Black "Stefansson, Hannes"]
[Result "0-1"]
[WhiteElo "2315"]
[BlackElo "2525"]

1.e4 c5 2.Nf3 d6 3.d4 cxd4 4.Nxd4 Nf6 5.Nc3 Nc6 6.Bg5 e6 7.Qd2 a6 8.O-O-O h6
9.Be3 Qc7 10.f4 Be7 11.Nf3 b5 12.Bd3 O-O 13.Kb1 b4 14.Na4 Rb8 15.h3 d5 16.e5 Ne4
17.Bxe4 dxe4 18.Nh2 Na7 19.Qf2 Nb5 20.Ka1 Bb7 21.Bc5 Bxc5 22.Nxc5 Bd5 23.Qe3 Rbc8
24.Nb3 Qxc2 25.Ng4 Bxb3 26.axb3 Rc5 27.Qc1 Nc3  0-1

[Event "Isla Guitart op"]
[Site "Isla Guitart "]
[Date "1994.??.??"]
[Round "?"]
[White "Garcia, Osmel"]
[Black "Larduet, Carlos"]
[Result "1/2-1/2"]
[WhiteElo "2365"]
[BlackElo "2300"]

1.e4 c5 2.Nf3 d6 3.d4 cxd4 4.Nxd4 Nf6 5.Nc3 Nc6 6.Bg5 e6 7.Bb5 Bd7 8.Bxc6 bxc6
9.O-O Qa5 10.Qd2 Be7 11.Nb3 Qc7 12.f4 h6 13.Bxf6 gxf6 14.Qe2 h5 15.Rad1 O-O-O
16.Nd4 Rdg8 17.b4 Rg4 18.Qa6+ Qb7 19.Qc4 Kd8 20.b5 cxb5 21.Ndxb5 a6 22.Nxd6 Qb6+
23.Qd4 Qxd4+ 24.Rxd4 Kc7 25.Rfd1 Bc6 26.Ne2 Rhg8 27.g3 h4 28.R4d3 hxg3 29.hxg3 Bxd6
30.Rxd6 Rxg3+ 31.Nxg3 Rxg3+ 32.Kf2 Rc3 33.R6d2 Bxe4 34.Rd7+ Kc6 35.R1d6+ Kb5
36.a4+ Ka5 37.Rxf7 Rxc2+ 38.Ke3 Bc6 39.Rc7 Kb6 40.Rf7 e5 41.f5 Kc5 42.Rdxf6 Bxa4
43.Rc7+ Kd5 44.Rb7 Rc3+ 45.Kf2 Rc2+ 46.Kg3 Bb5 47.Re7 e4 48.Rfe6 Rc3+ 49.Kf4 Rf3+
50.Kg5 Rg3+ 51.Kf6 Bd3 52.Rd7+ Kc5 53.Ke5 Rf3 54.Rd5+ Kc4 55.Rc6+ Kb4 56.Rb6+ Kc3
57.Rc5+ Kd2 58.Rb2+ Kd1  1/2-1/2

[Event "Jakarta"]
[Site "Jakarta"]
[Date "1994.??.??"]
[Round "11"]
[White "Liu Dede"]
[Black "Serper, Grigory"]
[Result "0-1"]
[WhiteElo "2320"]
[BlackElo "2560"]

1.e4 c5 2.Nf3 Nc6 3.d4 cxd4 4.Nxd4 Nf6 5.Nc3 d6 6.Bg5 e6 7.Qd2 a6 8.O-O-O h6
9.Be3 Be7 10.f3 Nxd4 11.Bxd4 b5 12.Kb1 Rb8 13.Qf2 Qa5 14.Bd3 b4 15.Ne2 e5
16.Ba7 Rb7 17.g4 Be6 18.b3 d5 19.exd5 Nxd5 20.h4 O-O 21.g5 h5 22.f4 Nc3+
23.Nxc3 bxc3 24.Be3 Rb4 25.f5 Ra4 26.Bd2 Bb4 27.bxa4 Ba3 28.Bxc3 Rb8+ 29.Bb5 Qxc3  0-1

[Event "JUG-chT2"]
[Site "?"]
[Date "1994.??.??"]
[Round "1"]
[White "Bolehradski, Jovica"]
[Black "Kolbert, Engelbert"]
[Result "0-1"]
[WhiteElo "2175"]
[BlackElo "2035"]

1.e4 c5 2.Nf3 Nc6 3.d4 cxd4 4.Nxd4 Nf6 5.Nc3 d6 6.Bg5 Qa5 7.f4 Nxe4 8.Nb3 Nxc3
9.Nxa5 Nxd1 10.Nxc6 Nxb2 11.Nd4 a6 12.Rb1 Na4 13.Rb4 Nc5 14.Be2 e5 15.Nf3 h6
16.Bh4 exf4 17.O-O g5 18.Bf2 d5 19.Bd4 Ne6 20.Bxh8 Bxb4 21.Ne5 Ke7 22.Bh5 Bd7
23.Nxd7 Rxh8 24.Ne5 Bc3 25.Nd3 Nd4 26.Rb1 b5 27.a4 Rb8 28.Nc5 Rb6 29.Nd3 Nxc2
30.Rc1 Bd4+ 31.Kh1 Rc6 32.axb5 axb5 33.Bf3 Kd6 34.Bxd5 Kxd5 35.Rxc2 Rxc2
36.Nb4+ Kc4 37.Nxc2  0-1

[Event "JUG-chT2"]
[Site "?"]
[Date "1994.??.??"]
[Round "2"]
[White "Perosevic, Aleksandar"]
[Black "Masic, Ljubomir"]
[Result "1-0"]
[WhiteElo "2335"]
[BlackElo "2280"]

1.e4 c5 2.Nf3 d6 3.d4 cxd4 4.Nxd4 Nf6 5.Nc3 Nc6 6.Bg5 e6 7.Bb5 Bd7 8.Bxc6 bxc6
9.Qf3 h6 10.Bxf6 Qxf6 11.Qe3 g5 12.h4 Bg7 13.O-O-O Qf4 14.Qxf4 gxf4 15.Nde2 Be5
16.h5 Rg8 17.Rhg1 c5 18.Rd3 Bc6 19.g4 Ke7 20.f3 Rab8 21.b3 a5 22.Rdd1 f6
23.Kd2 Kf7 24.Rdf1 d5 25.exd5 exd5 26.Nd1 c4 27.Nf2 Bb5 28.Nh3 d4 29.bxc4 Bxc4
30.Nhxf4 Bxf4+ 31.Nxf4 Bxf1 32.Rxf1 Rb2 33.Ne2 Rxa2 34.Nxd4 Rd8 35.Kd3 Rb2
36.Ra1 Rb5 37.c3 f5 38.Kc4  1-0

[Event "JUG-chT2"]
[Site "?"]
[Date "1994.??.??"]
[Round "4"]
[White "Cerovic, Zoran"]
[Black "Miranovic, Rajko"]
[Result "1/2-1/2"]
[WhiteElo "2125"]
[BlackElo "2395"]

1.e4 c5 2.Nf3 d6 3.d4 cxd4 4.Nxd4 Nf6 5.Nc3 Nc6 6.Bg5 Bd7 7.Qd2 Rc8 8.O-O-O Nxd4
9.Qxd4 Qa5 10.f4 h6 11.Bxf6 gxf6 12.Bc4 Rg8 13.g3 f5 14.Rhe1 Bg7 15.e5 Qc5
16.Bb3 Qxd4 17.Rxd4 Bc6 18.e6 fxe6 19.Rd3 Bd7 20.Bxe6 Bxc3 21.bxc3 Rg6 22.Rde3 Rxe6
23.Rxe6 Bxe6 24.Rxe6 Kd7 25.Rxh6 Rxc3 26.Rg6 Ra3 27.Kb2 Rf3 28.h4 e5 29.Rf6 Rxg3
30.fxe5 dxe5 31.Rxf5 Ke6 32.Rf8 Rg2 33.Kc3 Rh2 34.Rb8 Kd5 35.Kd3 Kc6 36.Re8 Rxh4
37.Rxe5 Ra4 38.Re6+ Kd7 39.Rh6 Rxa2 40.Kc3 Ra4 41.Kb3 Re4 42.Rg6 Re6 43.Rg7+ Kc6
44.Rh7 a6 45.Rh8 b5 46.Ra8 Kb6 47.Rh8 Re3+ 48.Kb2 Re6 49.Rg8 a5 50.Rh8 Rd6
51.Rg8 Kc5 52.Rh8 Re6 53.Rh5+ Kb6 54.Rh8 Rc6 55.Rh5 a4 56.Rh3 b4 57.Rg3 Kb5
58.Rh3 Rd6 59.Rh8 Rd5 60.Rh4 Kc5 61.Rg4 Rd1 62.Rg8 a3+ 63.Ka2 Rc1 64.Rc8+ Kd4
65.Rc7 Rh1 66.Rc8 Rh3 67.Rd8+ Kc3 68.Rc8+ Kd4 69.Rd8+ Kc5 70.Rc8+ Kd5 71.Rd8+ Kc6
72.Rc8+  1/2-1/2

[Event "Heart of Finland op 4th"]
[Site "Jyvaskyla"]
[Date "1994.??.??"]
[Round "?"]
[White "Nevanlinna, Risto"]
[Black "Solozhenkin, Evgeniy"]
[Result "0-1"]
[WhiteElo "2300"]
[BlackElo "2505"]

1.e4 c5 2.Nf3 Nc6 3.d4 cxd4 4.Nxd4 Nf6 5.Nc3 d6 6.Bg5 e6 7.Qd2 a6 8.O-O-O Bd7
9.Be2 b5 10.Nxc6 Bxc6 11.Qe3 Be7 12.e5 Nd5 13.Nxd5 Bxd5 14.Bxe7 Qxe7 15.exd6 Qxd6
16.Rxd5 Qxd5 17.Bf3 Qxa2 18.Qc5 f5 19.Bxa8 Kf7 20.Qa7+ Kg6 21.g4 Rd8 22.gxf5+ Kf6
23.c3 Qa1+ 24.Kc2 Qa4+ 25.Kb1 Rd2 26.Rc1 Qb3 27.Qd4+ Rxd4 28.cxd4 Qd3+ 29.Ka2 Qxf5
30.Rc3 Ke7 31.Rc7+ Kd6 32.Rc6+ Ke7 33.Rc7+ Kf6 34.Rc3 Qg4 35.f4 Qd1  0-1

[Event "Karditsa"]
[Site "Karditsa"]
[Date "1994.??.??"]
[Round "2"]
[White "Pandavos, Panayotis"]
[Black "Atalik, Suat"]
[Result "1-0"]
[WhiteElo "2380"]
[BlackElo "2530"]

1.e4 c5 2.Nf3 d6 3.d4 cxd4 4.Nxd4 Nf6 5.Nc3 Nc6 6.Bg5 Qb6 7.Nb3 e6 8.Bd3 Be7
9.O-O O-O 10.Be3 Qc7 11.f4 a6 12.a4 b6 13.g4 Nd7 14.Rf3 Nc5 15.Rh3 g6 16.Bf1 Bb7
17.g5 Rfd8 18.Qe1 Nb4 19.Rc1 Bf8 20.Qh4 f5 21.gxf6 Nxe4 22.Nd4 Re8 23.Bc4 Nxf6
24.Bxe6+ Rxe6 25.Nxe6 Qc6 26.Rg3 Ng4 27.Qxg4 Qh1+ 28.Kf2 Qxh2+ 29.Kf1 Nxc2
30.Bf2 Nb4 31.Rh3  1-0

[Event "Karditsa"]
[Site "Karditsa"]
[Date "1994.??.??"]
[Round "5"]
[White "Kotronias, Vasilios"]
[Black "Atalik, Suat"]
[Result "1/2-1/2"]
[WhiteElo "2545"]
[BlackElo "2530"]

1.e4 c5 2.Nf3 d6 3.d4 cxd4 4.Nxd4 Nf6 5.Nc3 Nc6 6.Bg5 e6 7.Qd2 a6 8.O-O-O h6
9.Bf4 Bd7 10.Nxc6 Bxc6 11.f3 d5 12.Qe1 Bb4 13.a3 Ba5 14.Bd2 d4 15.e5 Qc7
16.Ne2 Bxd2+ 17.Qxd2 Qxe5 18.Nxd4 O-O 19.Nxc6 bxc6 20.Qd4 Qc7 21.Qd6 Qb6
22.Qe5 Rfd8 23.Bc4 a5 24.Rhe1 a4 25.Rxd8+ Rxd8 26.Qe3 c5 27.Rd1 Rxd1+ 28.Kxd1 Qxb2
29.Qxc5 g5 30.Kd2 Qa1 31.h3 Qh1 32.Qf2 Qh2 33.Kc3 Nd5+ 34.Bxd5 exd5 35.f4 gxf4
36.Kd4 f3 37.Qxf3 Qd6 38.Qg4+ Kf8 39.Qc8+ Kg7 40.Qc5 Qg3 41.Qxd5 Qxa3 42.Qe5+ f6
43.Qc7+ Kg6 44.c3 Qf8 45.Qg3+ Kh7 46.Qc7+ Kh8 47.Qa5 Qb8 48.Kd3 Qg3+ 49.Kc4 Qxg2
50.Qxa4 Qxh3 51.Kd5 h5 52.c4 Qf5+ 53.Kd6 Qe5+ 54.Kd7 Kg7 55.Qc2 h4 56.c5 h3
57.c6 Qd5+ 58.Ke7 Qe5+ 59.Kd7 Qd5+ 60.Ke7 Qg2 61.Qc4 h2 62.Qf7+ Kh6 63.Qxf6+ Qg6  1/2-1/2

[Event "Kecskemet"]
[Site "Kecskemet"]
[Date "1994.??.??"]
[Round "?"]
[White "Videki, Sandor"]
[Black "Groszpeter, Attila"]
[Result "1/2-1/2"]
[WhiteElo "2435"]
[BlackElo "2520"]

1.e4 c5 2.Nf3 Nc6 3.d4 cxd4 4.Nxd4 Nf6 5.Nc3 d6 6.Bg5 e6 7.Qd2 a6 8.O-O-O Bd7
9.f4 b5 10.Bxf6 gxf6 11.Kb1 Qb6 12.Nce2 h5 13.g3 Na5 14.b3 Rb8 15.Bg2 Nc4
16.Qd3 a5 17.Ka1 Na3 18.c3 a4 19.Kb2 Nc4+ 20.Kc2  1/2-1/2

[Event "JUG-ch sf"]
[Site "Kladovo"]
[Date "1994.??.??"]
[Round "?"]
[White "Marinkovic, Slavisa"]
[Black "Arsovic, Zoran"]
[Result "1/2-1/2"]
[WhiteElo "2375"]
[BlackElo "2325"]

1.e4 c5 2.Nf3 d6 3.d4 cxd4 4.Nxd4 Nf6 5.Nc3 Nc6 6.Bg5 e6 7.Qd2 a6 8.O-O-O h6
9.Bf4 Bd7 10.Nxc6 Bxc6 11.f3 d5 12.Qe1 Bb4 13.a3 Ba5 14.Bd2 Rc8 15.Kb1 dxe4
16.fxe4  1/2-1/2

[Event "Kopavogur"]
[Site "Kopavogur"]
[Date "1994.??.??"]
[Round "?"]
[White "Vidarsson, Jon G"]
[Black "Stefansson, Hannes"]
[Result "0-1"]
[WhiteElo "2310"]
[BlackElo "2525"]

1.e4 c5 2.Nf3 d6 3.d4 cxd4 4.Nxd4 Nf6 5.Nc3 Nc6 6.Bg5 e6 7.Qd2 a6 8.O-O-O h6
9.Bf4 Bd7 10.Nxc6 Bxc6 11.f3 d5 12.Qe1 Bb4 13.a3 Ba5 14.Bd2 Rc8 15.e5 Nd7
16.Kb1 O-O 17.Bd3 d4 18.Qg3 Nxe5 19.Bxh6 Ng6 20.Bg5 Qc7 21.Ne2 e5 22.h4 Bb5
23.Rc1 Bxd3 24.cxd3 Qd6 25.h5 Rxc1+ 26.Rxc1 Ne7 27.Bxe7 Qxe7 28.Qg4 f5 29.Qg6 Bd2
30.Rc2 Be3 31.Ng3 Qd7 32.Ne2 Rf6 33.Qg3 Qb5 34.Rc7 Bh6 35.f4 exf4 36.Qf3 Rb6
37.Rc2 Qe5 38.Nc1 Kh7 39.Rc8 Bg5 40.Rc2 Rb5 41.Re2 Qc5 42.a4 Rb6 43.Rc2 Qd6
44.Ne2 Qe5 45.Nc1 Rb4 46.Re2 Qa5 47.b3 Rb6 48.Rc2 Qe1 49.Qd5 Qe6 50.Qxd4 Rd6
51.Qf2 b5 52.a5 b4 53.Rc4 Qe5 54.Rc5 Qf6 55.Qf3 Qd4 56.Rc4 Qe5 57.Qe2 Qxa5
58.Qe8 Qd8 59.Qf7 Qd7 60.Qxd7 Rxd7 61.Rxb4 Kh6 62.Ne2 Rxd3 63.Kc2 Rd5 64.Nc3 Rc5
65.Rb6+ Bf6 66.Kd2 Rxc3 67.Rxf6+ gxf6 68.Kxc3 Kxh5 69.Kd3 Kg4  0-1

[Event "Kstovo op"]
[Site "Kstovo"]
[Date "1994.??.??"]
[Round "1"]
[White "Guliev, Logman"]
[Black "Galliamova, Alisa"]
[Result "1-0"]
[WhiteElo "2255"]
[BlackElo "2475"]

1.e4 c5 2.Nf3 Nc6 3.d4 cxd4 4.Nxd4 Nf6 5.Nc3 d6 6.Bg5 e6 7.Qd2 a6 8.O-O-O h6
9.Be3 Bd7 10.f3 b5 11.g4 Ne5 12.h4 b4 13.Nb1 d5 14.Bf4 Qc7 15.Bh2 Bd6 16.exd5 Nxd5
17.Nf5 Bc5 18.Qe2 f6 19.f4 Nxg4 20.Rxd5 Nxh2 21.Nxg7+ Kf8 22.Rxd7 Qxd7 23.Nxe6+ Kf7
24.Nxc5 Qd4 25.Qc4+ Qxc4 26.Bxc4+  1-0

[Event "Kstovo op"]
[Site "Kstovo"]
[Date "1994.??.??"]
[Round "2"]
[White "Varavin, Viktor"]
[Black "Lugovoi, Aleksei"]
[Result "0-1"]
[WhiteElo "2510"]
[BlackElo "2465"]

1.e4 c5 2.Nf3 d6 3.d4 cxd4 4.Nxd4 Nf6 5.Nc3 Nc6 6.Bg5 e6 7.Qd2 Be7 8.O-O-O O-O
9.Nb3 d5 10.exd5 Nxd5 11.Bxe7 Ndxe7 12.g3 Qc7 13.Qd6 Qb6 14.Qc5 Qxc5 15.Nxc5 b6
16.N5e4 e5 17.h3 h6 18.Bc4 Na5 19.Nd5 Ng6 20.Bb5 Bb7 21.b4 Rfd8 22.bxa5 Rxd5
23.Rxd5 Bxd5 24.Re1 bxa5 25.c4 Be6 26.c5 Rc8 27.c6 a6 28.Nd6 Rc7 29.Ba4 Kf8
30.Re2 Ke7 31.Nb7 Bxh3 32.Nxa5 Be6 33.Bc2 f5 34.g4 Kf6 35.gxf5 Bxf5 36.Bxf5 Kxf5
37.Rb2 Ke6 38.Rb7 Kd6 39.Rb6 Ne7 40.Nc4+ Kc5 41.Rb7 Kxc6 42.Rxc7+ Kxc7 43.Nxe5 Kd6
44.Nf3 Kd5 45.Kd2 Nf5 46.Kd3 g5 47.Ng1 g4 48.Ne2 Ke5 49.Ng3 Nxg3 50.fxg3 h5
51.Ke3 a5 52.a4 Kd5 53.Kf4 Kc4 54.Kg5 Kb4 55.Kxh5 Kxa4 56.Kxg4 Kb4  0-1

[Event "Kuala Lumpur"]
[Site "Kuala Lumpur"]
[Date "1994.??.??"]
[Round "6"]
[White "Gufeld, Eduard"]
[Black "Torre, Eugenio"]
[Result "1-0"]
[WhiteElo "2475"]
[BlackElo "2520"]

1.e4 c5 2.Nf3 Nc6 3.d4 cxd4 4.Nxd4 Nf6 5.Nc3 d6 6.Bg5 e6 7.Qd2 a6 8.f4 h6
9.Bxf6 Qxf6 10.Nf3 Qd8 11.O-O-O Be7 12.Kb1 b5 13.g4 Bb7 14.h4 Qb6 15.g5 hxg5
16.Nxg5 Bxg5 17.fxg5 Ne5 18.Qxd6 Qxd6 19.Rxd6 Ke7 20.Rb6 Rab8 21.Bxb5 axb5
22.Rxb5 Nf3 23.a4 Bc6 24.Rxb8 Rxb8 25.Ka2 Rh8 26.Rf1 Nd4 27.b4 Rxh4 28.b5 Rh2
29.Ka3 Ba8 30.a5 Rxc2 31.Kb4 Nxb5 32.Nxb5 Bxe4 33.Ra1 Rg2 34.a6 Rxg5 35.a7 Rh5
36.Rc1 Kd7 37.Rc7+ Kd8 38.Rxf7 Rh1 39.Nd6 Bd5 40.Nb7+ Ke8 41.a8=Q+ Kxf7 42.Kc5 Rd1
43.Nd6+ Kg6 44.Qe8+ Kh6 45.Nf7+  1-0

[Event "Kurgan"]
[Site "Kurgan"]
[Date "1994.??.??"]
[Round "10"]
[White "Galdunts, Sergey"]
[Black "Predein, V."]
[Result "1/2-1/2"]
[WhiteElo "2420"]
[BlackElo "2360"]

1.e4 c5 2.Nc3 d6 3.Nge2 Nc6 4.d4 cxd4 5.Nxd4 Nf6 6.Bg5 h6 7.Bxf6 gxf6 8.Qd3 e6
9.O-O-O a6 10.f4 Qb6 11.Be2 Nxd4 12.Qxd4 Qxd4 13.Rxd4 h5 14.Rf1 Bd7 15.Rf3 h4
16.f5 Rc8 17.Rc4 Rxc4 18.Bxc4 Ke7 19.Kd1 Rg8 20.Rh3 Rxg2 21.Rxh4 b5 22.Bd3 Bc6
23.Ne2 d5 24.exd5 Bxd5 25.a4 bxa4 26.Nf4 Rg1+ 27.Kd2 Bc6 28.Bxa6 Kd6 29.Bd3 exf5
30.Bxf5 Ke5 31.Bh3 f5 32.Ne2 Rh1 33.Rh5 Rxh2 34.Rxf5+ Kd6 35.Rf6+ Kc5 36.Rf5+ Kd6
37.Rf6+ Kd5 38.Bf5 Be8 39.Bg4 Ke5 40.Ra6 Bb5 41.Ra7 f5 42.c4 Bc5 43.Rc7 Bd6
44.Rc8  1/2-1/2

[Event "VfB op 1st"]
[Site "Leipzig"]
[Date "1994.??.??"]
[Round "?"]
[White "Bindrich, Oswald"]
[Black "Roeber, Bjoern"]
[Result "1-0"]
[WhiteElo "2165"]
[BlackElo "1930"]

1.e4 c5 2.Nf3 Nc6 3.d4 cxd4 4.Nxd4 Nf6 5.Nc3 d6 6.Bg5 e6 7.Qd2 Be7 8.O-O-O Qa5
9.f4 O-O 10.Nb3 Qb4 11.Bd3 a5 12.Qf2 Ng4 13.Qh4 Bxg5 14.Qxg4 Bf6 15.Nb5 Qa4
16.a3 Rd8 17.Nc5 Bxb2+ 18.Kxb2 dxc5 19.Nc3 Qd4 20.e5 f5 21.Qh4 c4 22.Bxc4 Qb6+
23.Nb5 a4 24.Rxd8+ Nxd8 25.Qe7 h6 26.Qc7 Qa5 27.Qxa5 Rxa5 28.Rd1 Nc6 29.Nd6 Rc5
30.Ba2 Nd8 31.Nxf5 Nc6 32.Nd6 Nd8 33.Ne4 Rb5+ 34.Kc3 Nf7 35.Bc4 Rb6 36.Nd6 Rc6
37.Kb4 Nxd6 38.Rxd6 Rxd6 39.exd6 Bd7 40.f5  1-0

[Event "Linares NL"]
[Site "Linares"]
[Date "1994.??.??"]
[Round "7"]
[White "Garcia, Gildardo"]
[Black "Martin del Campo, Roberto"]
[Result "1/2-1/2"]
[WhiteElo "2540"]
[BlackElo "2450"]

1.e4 c5 2.Nf3 d6 3.d4 cxd4 4.Nxd4 Nf6 5.Nc3 Nc6 6.Bg5 e6 7.Qd2 Be7 8.O-O-O Nxd4
9.Qxd4 O-O 10.f4 Qa5 11.Bb5 e5 12.Qa4 Qxa4 13.Bxa4 Bg4 14.Rd3 exf4 15.Bxf4 Rad8
16.h3 Bh5 17.Rd4 Bg6 18.Rhd1 h6 19.Bb5 Rc8 20.Be2 Rfe8 21.Bf3 Kh7 22.Re1 Red8
23.Red1 Re8 24.a4 Bf8 25.Bg3 Rc5 26.Re1 Re6 27.Red1 Re8 28.Re1 Re6 29.Bh4 Be7
30.Red1 Bf8 31.Bxf6 Rxf6 32.Nd5 Re6 33.c3 Re5 34.Ne3 Re8 35.Nc4 Rc7 36.b3 Be7
37.Kb2 Bf6 38.Rxd6 Bxe4 39.Re1 Rce7 40.Bxe4+ Rxe4 41.Rxe4 Rxe4 42.Rd2  1/2-1/2

[Event "Linares op"]
[Site "Linares"]
[Date "1994.??.??"]
[Round "8"]
[White "Svidler, Peter"]
[Black "Levin, Felix"]
[Result "1/2-1/2"]
[WhiteElo "2505"]
[BlackElo "2495"]

1.e4 c5 2.Nf3 d6 3.d4 cxd4 4.Nxd4 Nf6 5.Nc3 Nc6 6.Bg5 e6 7.Qd2 a6 8.O-O-O h6
9.Bf4 Bd7 10.Nxc6 Bxc6 11.f3 d5 12.Qe1 Bb4 13.a3 Ba5 14.Bd2 Qe7 15.e5 Nd7
16.Kb1 Bb6 17.f4 h5 18.h4 O-O-O 19.Ne2 Bb5 20.Bb4 Bc5 21.Nd4 Bxf1 22.Rxf1 g6
23.Nb3 Bxb4 24.Qxb4 Qxb4 25.axb4 Nb8 26.Nd4 Nc6 27.c3 Kc7 28.Kc2 Kb6 29.Kd3 Nxd4
30.Kxd4 Rc8  1/2-1/2

[Event "Lisbon-ch"]
[Site "Lisbon"]
[Date "1994.??.??"]
[Round "8"]
[White "Pereira, Joao"]
[Black "Santos, Marco"]
[Result "0-1"]
[WhiteElo "2215"]
[BlackElo "2000"]

1.e4 c5 2.Nf3 d6 3.d4 cxd4 4.Nxd4 Nf6 5.Nc3 Nc6 6.Bg5 Bd7 7.Bxf6 gxf6 8.Be2 Qa5
9.O-O Rg8 10.Nd5 Bh3 11.g3 Nxd4 12.Qxd4 Bxf1 13.Bxf1 Bg7 14.b4 Qd8 15.Rd1 e6
16.Bb5+ Kf8 17.Ne3 Qc7 18.a4 Ke7 19.a5 h5 20.Qd3 h4 21.Re1 hxg3 22.hxg3 Bh6
23.Nd5+ exd5 24.exd5+ Kf8 25.Qh7 Bf4 26.Kf1 Be5 27.Qh6+ Ke7 28.Qe3 a6 29.Bd3 Kd8
30.Qe4 Qd7 31.Qh7 Kc7 32.Bf5 Rh8 33.Qxh8 Rxh8 34.Bxd7 Rh1+ 35.Ke2 Rxe1+ 36.Kxe1 Bc3+  0-1

[Event "Ljubljana op"]
[Site "Ljubljana"]
[Date "1994.??.??"]
[Round "?"]
[White "Furlan, Miha"]
[Black "Lanka, Zigurds"]
[Result "1/2-1/2"]
[WhiteElo "2300"]
[BlackElo "2535"]

1.e4 c5 2.Nf3 Nc6 3.d4 cxd4 4.Nxd4 Nf6 5.Nc3 d6 6.Bg5 Bd7 7.Nb3 a6 8.Bxf6 gxf6
9.Qh5 b5 10.Bd3 Rc8 11.f4 b4 12.Nd5 e6 13.Ne3 a5 14.O-O a4 15.Nd2 Qa5 16.Qxa5 Nxa5
17.Ndc4 Nxc4 18.Nxc4 Rd8 19.b3 Rb8 20.Rab1 a3 21.Rbc1 Bc6 22.c3 d5 23.Na5 Ba8
24.exd5 Bxd5 25.cxb4 Rg8 26.g3 Bxb4 27.Nc6 Bxc6 28.Rxc6 f5 29.Rd1 Ke7 30.Rc7+ Kf6
31.Bc4 Ba5 32.Rcd7 h5 33.Kg2 Bb6 34.h4 Rg7 35.R1d3 Ba5 36.Ra7 Be1 37.Re3 Bd2
38.Rf3 Rg4 39.Rd7 Bc1 40.Rd1 Bb2 41.Kh3 Ke7 42.Rfd3 Rgg8 43.Rd7+ Kf6 44.Rc7 Rgd8
45.Rdd7 Rxd7 46.Rxd7 Kg6  1/2-1/2

[Event "Ljubljana op"]
[Site "Ljubljana"]
[Date "1994.??.??"]
[Round "?"]
[White "Furlan, Miha"]
[Black "Muhtarov, Leonid"]
[Result "1-0"]
[WhiteElo "2300"]
[BlackElo "2180"]

1.e4 c5 2.Nf3 Nc6 3.d4 cxd4 4.Nxd4 Nf6 5.Nc3 d6 6.Bg5 e6 7.Bb5 Bd7 8.Bxc6 bxc6
9.Qf3 h6 10.Bh4 c5 11.Nb3 Be7 12.O-O-O g5 13.Bg3 e5 14.Qe2 Qb6 15.Nd2 Be6
16.Nc4 Bxc4 17.Qxc4 Rb8 18.b3 Qb4 19.f3 Qxc4 20.bxc4 O-O 21.Kd2 Rb4 22.Kd3 Rfb8
23.Rb1 Kg7 24.Rb3 a6 25.Rhb1 Bd8 26.Be1 Ba5 27.Bd2 Rxb3 28.axb3 Bxc3 29.Bxc3 Rb6
30.Bd2 Nh5 31.g3 Kg6 32.Be3 Ng7 33.c3 Rc6 34.b4 Ne6 35.Ra1 h5  1-0